Statystyki dla Skład Brentford w Premier League 2023/24

Kliknij tutaj aby rozwiązać quiz!

Ogólne statystyki

  • Ten quiz został rozwiązany 10 razy
  • Średni wynik to 13 z 25

Statystyki odpowiedzi

NumerZawodnik% Poprawnych
19Bryan Mbeumo
100%
16Ben Mee
78%
1David Raya
78%
5Ethan Pinnock
78%
17Ivan Toney
78%
11Yoane Wissa
78%
9Kevin Schade
67%
8Mathias Jensen
67%
24Mikkel Damsgaard
67%
27Vitaly Janelt
67%
6Christian Norgaard
56%
3Rico Henry
56%
2Aaron Hickey
44%
15Frank Onyeka
44%
10Josh Dasilva
44%
23Keane Lewis-Potter
44%
20Kristoffer Ajer
44%
30Mads Roerslev
44%
18Pontus Jansson
44%
22Thomas Strakosha
44%
14Saman Ghoddos
33%
13Mathias Jorgensen
11%
26Shandon Baptiste
11%
33Fin Stevens
0%
34Matthew Cox
0%

Rozkład punktacji

Percentyl według liczby udzielonych odpowiedzi

Procent ludzi z każdym wynikiem

Twoja historia wyników

Nie rozwiązałeś tego quizu